| 000 | 00866nam a22001815i 4500 | ||
|---|---|---|---|
| 001 | 160128 | ||
| 003 | ES-MaACL | ||
| 005 | 20230906211938.0 | ||
| 008 | 020227s1865 sp |||| | spa d | ||
| 040 |
_aCAM _bspa _cCAM |
||
| 100 | 1 |
_aMorales de Castro, Ricardo. _9130139 |
|
| 245 | 1 | 0 |
_aPanchito _b: juguete en un acto en verso / _coriginal de Ricardo Morales de Castro. |
| 260 |
_aMadrid : _b[s.n.], _c1865 ( _fImprenta de José Rodriguez) |
||
| 300 |
_a32 p. ; _c20 cm. |
||
| 500 | _aEn port.: Estrenado en el teatro de Variedades en la noche del 13 de enero de 1865. | ||
| 596 | 1 | _aEn verso de la port. consta: "... Galería dramática y lírica titulada El Teatro ..." | |
| 852 |
_aES-MaACL _jF-8595(7) _z-- Enc. pasta española _q-- Falto de la cub. original _z-- Enc. en un vol. facticio formando parte de la col. facticia "Teatro español moderno", vol. 48 |
||
| 999 |
_c160128 _d160128 |
||